Kissing Babies (International) Quiz Stats

Quiz Updated Apr 12, 2012

Also try: Kissing Babies
Challenge
Share
Tweet
Score 0/20 Timer 06:00
3 Plays Today
World Leader % Correct
Adolf Hitler (Germany)
95.1%
Margaret Thatcher (UK)
88.5%
Mohandas Gandhi (India)
87.3%
Pope John Paul II (Vatican City)
85.6%
Nelson Mandela (South Africa)
84.1%
Joseph Stalin (USSR)
78.7%
Pope Benedict XVI (Vatican City)
78.5%
Vladimir Putin (Russia)
73.8%
Dalai Lama (Tibet)
67.6%
Tony Blair (UK)
66.6%
World Leader % Correct
Queen Elizabeth II (UK)
60.8%
Angela Merkel (Germany)
53.2%
Hugo Chavez (Venezuela)
46.2%
Nicolas Sarkozy (France)
43.2%
David Cameron (UK)
35.9%
Mahmoud Ahmadinejad (Iran)
30.6%
Silvio Berlusconi (Italy)
29%
Stephen Harper (Canada)
13.2%
Shimon Peres (Israel)
9.4%
Dilma Rousseff (Brazil)
6.8%

You're not logged in!

Compare scores with friends on all Sporcle quizzes.
Sign Up with Email
OR
Log In

You Might Also Like...

Show Comments

Extras

Top Quizzes Today


Score Distribution

Your Account Isn't Verified!

In order to create a playlist on Sporcle, you need to verify the email address you used during registration. Go to your Sporcle Settings to finish the process.